[Event "Soest op"]
[Site "Soest"]
[Date "2001.05.27"]
[Round "7.17"]
[White "Engelen, Johan HHM"]
[Black "Bekius, Tom"]
[Result "1/2-1/2"]
[WhiteElo "1911"]
[BlackElo "1707"]
[PlyCount "86"]
[EventDate "2001.05.25"]
[EventType "swiss"]
[EventRounds "7"]
[EventCountry "NED"]
[SourceTitle "EXT 2002"]
[Source "ChessBase"]
[SourceDate "2001.11.25"]
[SourceVersion "1"]
[SourceVersionDate "2001.11.25"]
[SourceQuality "1"]

1. e4 e5 2. Nf3 Nc6 3. d4 exd4 4. Nxd4 Nxd4 5. Qxd4 d6 6. Nc3 Nf6 7. Bg5 Qe7 8. 0-0-0 c6 9. Bf4 Ng4 10. Bxd6 Qxd6 11. Qxd6 Bxd6 12. Rxd6 Nxf2 13. Rg1 Ng4 14. h3 Ne5 15. Nb1 Ke7 16. Rd1 Be6 17. b3 b5 18. a3 a5 19. Nd2 Rad8 20. Be2 Rd4 21. Rge1 Rhd8 22. Bf1 f6 23. Nf3 Rxd1+ 24. Rxd1 Rxd1+ 25. Kxd1 Nf7 26. Kd2 Bd7 27. c3 c5 28. b4 axb4 29. axb4 c4 30. Ke3 Kd6 31. g3 Ke6 32. h4 Kd6 33. Kf4 g6 34. Be2 h6 35. Ke3 Ne5 36. Nxe5 Kxe5 37. Bf3 h5 38. Be2 Bc6 39. Bf3 Bd7 40. Bd1 Kd6 41. Kf4 Bc6 42. Bc2 Ke6 43. Bb1 Kf7 1/2-1/2

[Event "Soest op"]
[Site "Soest"]
[Date "2001.05.26"]
[Round "3.27"]
[White "Van der Veen, Jelte"]
[Black "Bekius, Tom"]
[Result "0-1"]
[WhiteElo "1498"]
[BlackElo "1707"]
[PlyCount "80"]
[EventDate "2001.05.25"]
[EventType "swiss"]
[EventRounds "7"]
[EventCountry "NED"]
[SourceTitle "EXT 2002"]
[Source "ChessBase"]
[SourceDate "2001.11.25"]
[SourceVersion "1"]
[SourceVersionDate "2001.11.25"]
[SourceQuality "1"]

1. e4 e5 2. Bc4 Nf6 3. Nc3 Be7 4. Nf3 Nc6 5. d4 exd4 6. Nxd4 Nxd4 7. Qxd4 0-0 8. Bf4 Nh5 9. e5 Nxf4 10. Qxf4 Bg5 11. Qd4 d6 12. 0-0 dxe5 13. Qxe5 Re8 14. Qd5 Qe7 15. Rfe1 Be6 16. Qxb7 Rab8 17. Qxa7 Qb4 18. Bxe6 Rxe6 19. Qxc7 Qxb2 20. Rf1 Rbe8 21. g3 Bd8 22. Qc4 Qxc2 23. Kg2 Bg5 24. Rae1 h6 25. Rxe6 Rxe6 26. Qc8+ Kh7 27. Qc5 Be3 28. Qc4 Bd2 29. Qb3 Qxb3 30. axb3 Bxc3 31. Rc1 Bb4 32. Rc4 Be1 33. Rf4 f6 34. b4 Rb6 35. h4 Rxb4 36. Rf5 Kg6 37. Rf3 Rb2 38. g4 h5 39. g5 fxg5 40. hxg5 Kxg5 0-1

[Event "VCN SchaakFestival"]
[Site "Soest"]
[Date "1999.05.16"]
[Round "6"]
[White "Bloemhard, Rudy"]
[Black "Bekius, Tom"]
[Result "1-0"]
[WhiteElo "2116"]
[BlackElo "1608"]
[PlyCount "41"]
[EventDate "1999.05.14"]
[EventType "swiss"]
[EventRounds "7"]
[EventCountry "NED"]
[SourceTitle "EXT 2000"]
[Source "ChessBase"]
[SourceDate "1999.11.16"]
[SourceVersion "1"]
[SourceVersionDate "1999.11.16"]
[SourceQuality "1"]

1. e4 e5 2. f4 exf4 3. Nf3 g5 4. Bc4 g4 5. 0-0 gxf3 6. Qxf3 d5 7. Qxf4 Bc5+ 8. d4 Bxd4+ 9. Kh1 Qf6 10. Qxc7 Na6 11. Bxa6 Be5 12. Bb5+ Kf8 13. Qc5+ Bd6 14. Qxd5 Qe7 15. Bc4 f6 16. Qh5 Qg7 17. Bxg8 Qxg2+ 18. Kxg2 Rxg8+ 19. Kh1 Bg4 20. Rxf6+ Kg7 21. Rf7+ 1-0

[Event "VCN SchaakFestival"]
[Site "Soest"]
[Date "1999.05.15"]
[Round "4"]
[White "Verboom, Linda"]
[Black "Bekius, Tom"]
[Result "0-1"]
[WhiteElo "1281"]
[BlackElo "1608"]
[PlyCount "103"]
[EventDate "1999.05.14"]
[EventType "swiss"]
[EventRounds "7"]
[EventCountry "NED"]
[SourceTitle "EXT 2000"]
[Source "ChessBase"]
[SourceDate "1999.11.16"]
[SourceVersion "1"]
[SourceVersionDate "1999.11.16"]
[SourceQuality "1"]

1. e4 e5 2. Nf3 Nc6 3. Nc3 Nf6 4. d4 exd4 5. Nxd4 Nxd4 6. Qxd4 b6 7. Bg5 Bc5 8. Qd2 Qe7 9. 0-0-0 h6 10. Bh4 g5 11. Bg3 Bb7 12. e5 Nh5 13. Nd5 Bxd5 14. Qxd5 c6 15. Qd2 0-0-0 16. Ba6+ Kb8 17. Rhe1 Qe6 18. b3 b5 19. Qc3 Nxg3 20. Qxc5 Nf5 21. a4 Qe7 22. Qxe7 Nxe7 23. axb5 Kc7 24. bxc6 Nxc6 25. Bb5 Rhe8 26. Bxc6 dxc6 27. Rxd8 Rxd8 28. Re3 c5 29. Rh3 Rd5 30. Rxh6 Rxe5 31. Rf6 Re7 32. Rf5 g4 33. Rxc5+ Kd6 34. Rg5 Re4 35. Ra5 Re2 36. Ra4 f5 37. Rxa7 Rxf2 38. Rh7 Rxg2 39. c4 f4 40. Rf7 f3 41. Kd1 Rxh2 42. Ke1 Kc5 43. Rf4 Rg2 44. Kf1 Kb4 45. Ke1 Kc3 46. c5 Kd3 47. Rc4 Re2+ 48. Kf1 g3 49. Rf4 g2+ 50. Kg1 Re1+ 51. Kf2 g1Q+ 52. Kxf3 0-1